Earth Science 12th Ed. (Record no. 117202)
[ view plain ]
| 000 -LEADER | |
|---|---|
| fixed length control field | 00279nam a22001097a 4500 |
| 005 - DATE AND TIME OF LATEST TRANSACTION | |
| control field | 20140523170140.0 |
| 008 - FIXED-LENGTH DATA ELEMENTS--GENERAL INFORMATION | |
| fixed length control field | 140523b xxu||||| |||| 00| 0 eng d |
| 050 ## - LIBRARY OF CONGRESS CALL NUMBER | |
| Classification number | QE 41 T179 2009 |
| 245 ## - TITLE STATEMENT | |
| Title | Earth Science 12th Ed. |
| Statement of responsibility, etc | Edward Tarbuck |
| 600 ## - SUBJECT ADDED ENTRY--PERSONAL NAME | |
| Source of heading or term | EARTH |
| 9 (RLIN) | 1 |
| 942 ## - ADDED ENTRY ELEMENTS (KOHA) | |
| Source of classification or shelving scheme | Library of Congress Classification |
| Koha item type | Books |
| Call number suffix | QE |
| Withdrawn status | Lost status | Source of classification or shelving scheme | Damaged status | Collection code | Home library | Current library | Shelving location | Date acquired | Total Checkouts | Total Renewals | Full call number | Barcode | Date last seen | Date checked out | Price effective from | Koha item type |
|---|---|---|---|---|---|---|---|---|---|---|---|---|---|---|---|---|
| Library of Congress Classification | Reference | College Library | College Library | General Circulation Section | 05/23/2014 | 19 | 8 | QE 41 T179 2009 | c14892 | 02/26/2021 | 02/16/2021 | 05/23/2014 | Books |